书目信息 |
| 题名: |
血脉
|
|
| 作者: | 樊俊利 著 | |
| 分册: | ||
| 出版信息: | 北京 中国言实出版社 2022 |
|
| 页数: | 294页 | |
| 开本: | 24cm | |
| 丛书名: | ||
| 单 册: | ||
| 中图分类: | I253.3 , K828.1=76 | |
| 科图分类: | ||
| 主题词: | 纪实文学--中国--当代 , 石油工业--先进事迹--中国--现代 | |
| 电子资源: | ||
| ISBN: | 978-7-5171-4124-2 | |
| 000 | 00865nam0 2200253 450 | |
| 001 | 2365243185 | |
| 005 | 20231119180733.96 | |
| 010 | @a978-7-5171-4124-2@dCNY69.80 | |
| 100 | @a20220902d2022 em y0chiy50 ea | |
| 101 | 0 | @achi |
| 102 | @aCN@b110000 | |
| 105 | @aa z 000zd | |
| 200 | 1 | @a血脉@Axue mai@f樊俊利著 |
| 210 | @a北京@c中国言实出版社@d2022 | |
| 215 | @a294页@c图,照片@d24cm | |
| 300 | @a中国作家协会2020年度定点深入生活项目 长篇报告文学 | |
| 330 | @a本书分为“雕刻在荒原上的激情岁月”“从华八井再出发”“端牢饭碗 踏上新征程”三章,记述了胜利油田不同阶段具有代表性的模范人物的先进事迹,诠释石油精神的传播过程。 | |
| 606 | 0 | @a纪实文学@y中国@z当代 |
| 606 | 0 | @a石油工业@x先进事迹@y中国@z现代 |
| 690 | @aI253.3@v5 | |
| 690 | @aK828.1=76@v5 | |
| 701 | 0 | @a樊俊利@Afan jun li@4著 |
| 801 | 0 | @aCN@b山东中教@c20231119 |
| 905 | @aBZT@dI253.3@e60 | |
| 血脉/樊俊利著.-北京:中国言实出版社,2022 |
| 294页:图,照片;24cm |
| 中国作家协会2020年度定点深入生活项目 长篇报告文学 |
| ISBN 978-7-5171-4124-2:CNY69.80 |
| 本书分为“雕刻在荒原上的激情岁月”“从华八井再出发”“端牢饭碗 踏上新征程”三章,记述了胜利油田不同阶段具有代表性的模范人物的先进事迹,诠释石油精神的传播过程。 |
| ● |
| 相关链接 |
|
|
|
正题名:血脉
索取号:I253.3/60
 
预约/预借
| 序号 | 登录号 | 条形码 | 馆藏地/架位号 | 状态 | 备注 |
| 1 | 2000985629 | 2000985629 | 中教第一批/山东中教(第一批)/361/ [索取号:I253.3/60] | 在馆 | |
| 2 | 2000985630 | 2000985630 | 中教第一批/山东中教(第一批)/361/ [索取号:I253.3/60] | 在馆 | |
| 3 | 2000985631 | 2000985631 | 中教第一批/山东中教(第一批)/361/ [索取号:I253.3/60] | 在馆 | |
| 4 | 2000985632 | 2000985632 | 中教第一批/山东中教(第一批)/361/ [索取号:I253.3/60] | 在馆 | |
| 5 | 2000985633 | 2000985633 | 中教第一批/山东中教(第一批)/361/ [索取号:I253.3/60] | 在馆 | |
| 6 | 2000985634 | 2000985634 | 中教第一批/山东中教(第一批)/361/ [索取号:I253.3/60] | 在馆 |